[Event "Romania (Women)"]
[Site "Romania"]
[Date "2007.02.26"]
[Round "10"]
[White "Crigan, Galina"]
[Black "Dolgopolova, Elena"]
[Result "0-1"]
[WhiteElo "2061"]
[BlackElo "2035"]
[PlyCount "68"]
[EventDate "2007.02.17"]
[EventType "tourn"]
[EventRounds "13"]
[EventCountry "ROU"]
[SourceTitle "EXT 2008"]
[Source "ChessBase"]
[SourceDate "2007.11.25"]
[SourceVersion "1"]
[SourceVersionDate "2007.11.25"]
[SourceQuality "1"]

1. e4 c5 2. Nf3 d6 3. d4 cxd4 4. Nxd4 Nf6 5. Nc3 a6 6. a4 e6 7. Be3 Be7 8. Be2 0-0 9. 0-0 Nc6 10. Kh1 Bd7 11. Nb3 Na5 12. Nxa5 Qxa5 13. f4 Rac8 14. Qe1 Qb4 15. e5 dxe5 16. fxe5 Ne8 17. Rd1 Bc6 18. Bc1 Qh4 19. Qd2 Rd8 20. Bd3 Nc7 21. Rf4 Qh5 22. Qe1 Bg5 23. Be2 Qh6 24. Rf1 Rxd1 25. Qxd1 Bxc1 26. Qxc1 Qg6 27. Bf3 Bxf3 28. Rxf3 Rd8 29. h3 h6 30. Kh2 Nd5 31. Rg3 Qh5 32. Ne4 Qxe5 33. Qxh6 Qxg3+ 34. Nxg3 gxh6 0-1

[Event "Romania (Women)"]
[Site "Romania"]
[Date "2007.02.21"]
[Round "5"]
[White "Dolgopolova, Elena"]
[Black "Vetrila, Sandra"]
[Result "0-1"]
[WhiteElo "2035"]
[BlackElo "2049"]
[PlyCount "32"]
[EventDate "2007.02.17"]
[EventType "tourn"]
[EventRounds "13"]
[EventCountry "ROU"]
[SourceTitle "EXT 2008"]
[Source "ChessBase"]
[SourceDate "2007.11.25"]
[SourceVersion "1"]
[SourceVersionDate "2007.11.25"]
[SourceQuality "1"]

1. c4 e5 2. g3 c6 3. Bg2 d5 4. cxd5 cxd5 5. Qb3 Nf6 6. Nc3 Nc6 7. Nxd5 Nd4 8. Nxf6+ Qxf6 9. Qd1 Bf5 10. d3 Rc8 11. Rb1 Nc2+ 12. Kf1 Bc5 13. Nf3 e4 14. Qxc2 exf3 15. Bxf3 Bh3+ 16. Kg1 Bxf2+ 0-1

[Event "Romania (Women)"]
[Site "Romania"]
[Date "2007.02.17"]
[Round "1"]
[White "Iurascu, Mihaela"]
[Black "Dolgopolova, Elena"]
[Result "0-1"]
[WhiteElo "1886"]
[BlackElo "2035"]
[PlyCount "70"]
[EventDate "2007.02.17"]
[EventType "tourn"]
[EventRounds "13"]
[EventCountry "ROU"]
[SourceTitle "EXT 2008"]
[Source "ChessBase"]
[SourceDate "2007.11.25"]
[SourceVersion "1"]
[SourceVersionDate "2007.11.25"]
[SourceQuality "1"]

1. c4 e5 2. g3 Nf6 3. Bg2 g6 4. d3 Bg7 5. Nc3 d6 6. e4 0-0 7. Nge2 Nc6 8. 0-0 Bd7 9. h3 Ne8 10. Be3 h6 11. Qd2 Kh7 12. f4 f5 13. Kh2 Qc8 14. Rae1 Nd4 15. fxe5 dxe5 16. Bxd4 exd4 17. Nd5 c6 18. Nb4 a5 19. Nc2 c5 20. Nf4 fxe4 21. Bxe4 Bf5 22. Nd5 Bxe4 23. Rxf8 Bxf8 24. Rxe4 Ra6 25. Qf2 Nd6 26. Rf4 Bg7 27. Na3 Nf5 28. Rf3 Re6 29. Nb5 Be5 30. Kg2 Re8 31. g4 Ng7 32. Nf6+ Bxf6 33. Rxf6 Re3 34. Nd6 Qc7 35. Ne8 Rxe8 0-1